MDQL
is popping MORE tags! Check the
thread
!
Quizzes
Events
Quiz Creation
Community
Videos
Private Events
Remove Ads
Sign In
Join for FREE
Feedback
Dark Mode
Quiz Categories
Sports
Geography
Music
Movies
Television
Just For Fun
Miscellaneous
History
Literature
Language
Science
Gaming
Entertainment
Religion
Holiday
For Kids
Quiz Lab
Recent
Popular Today
Quiz Kudos Today
Editor Picks
Curator Picks
Quizzes by...
Day
Popularity
Type
Ratings
Length
Year
Community
Subscriptions
Recent Discussions
Orange Saloon
Badges
Playlists
Quests
Create
Leaderboards
Showdown
Live 5
Trivia Bingo
Activity
Puzzle Library
Sporcle Events
Private Events
Virtual Trivia
Globe League
Become a Host
Pub Owners
SporcleCon
Opinionation
Our Games
Videos
Blog
Mobile Apps
Partnerships
Remove Ads and Go Orange
Feedback
Sports
Athletes
MLB
NBA
NHL
NFL
Soccer
Sports Teams
WWE
NCAA
Football
Premier League
Basketball
Baseball
Hockey
Golf
Tennis
Cricket
Rugby
Auto Racing
Olympics
World Cup
Sports
Athletes
MLB
NBA
NHL
NFL
Soccer
Sports Teams
WWE
NCAA
Football
Premier League
Basketball
Baseball
Hockey
Golf
Tennis
Cricket
Rugby
Auto Racing
Olympics
World Cup
Random Quiz
Search Sporcle
×
Quiz Lab
Quiz Lab
Sports
NHL
Type in answers that appear in a list
Type in answers that appear in a list
Classic
Best Score? Go Orange.
NHL Career Goal Leaders by Team Stats
Can you name the NHL Career Goal Leaders by Team?
By
jpt0320
8m
30 Questions
220 Plays
220 Plays
220 Plays
Comments
Comments
Give Quiz Kudos
Give Quiz Kudos
-
- Ratings
hide this ad
More Info
Replay
Link that replays current quiz
Next Quiz
Link to next quiz in quiz playlist
You Got
0%
They Got
Avg Score
76%
Avg Friend Score
Upgrade to see
Score Distribution
Jump to the score distribution portion of the page
Score
0/30
Timer
08:00
0
Plays Today
Team
Player
% Correct
Edmonton Oilers (1979-
2010)
Wayne Gretzky
98.2%
Detroit Red Wings (1926-
2010)
Gordie Howe
95%
Colorado Avalanche/
Quebec Nordiques (1979-
2010)
Joe Sakic
93.6%
Pittsburgh Penguins (1967-
2010)
Mario Lemieux
92.3%
Anaheim Ducks (1993-
2010)
Teemu Selanne
91.8%
Chicago Blackhawks (1926-
2010)
Bobby Hull
90.9%
St. Louis Blues (1967-
2010)
Brett Hull
90.9%
Dallas Stars (1967-
2010)
Mike Modano
89.5%
Montreal Canadiens (1917-
2010)
Maurice Richard
89.1%
Calgary Flames (1972-
2010)
Jerome Iginla
86.8%
Atlanta Thrashers (1999-
2010)
Ilya Kovalchuk
86.4%
New York Islanders (1972-
2010)
Mike Bossy
86.4%
Columbus Blue Jackets (2000-
2010)
Rick Nash
85.9%
Ottawa Senators (1992-
2010)
Daniel Alfredsson
83.2%
Tampa Bay Lightning (1992-
2010)
Vincent Lecavalier
80.5%
Team
Player
% Correct
Carolina Hurricanes/
Hartford Whalers (1979-
2010)
Ron Francis
78.6%
Los Angeles Kings (1967-
2010)
Luc Robitaille
78.2%
Minnesota Wild (2000-
2010)
Marian Gaborik
76.8%
San Jose Sharks (1991-
2010)
Patrick Marleau
75.9%
Toronto Maple Leafs (1917-
2010)
Mats Sundin
75.9%
Washington Capitals (1974-
2010)
Peter Bondra
69.5%
Vancouver Canucks (1970-
2010)
Markus Naslund
69.1%
Phoenix Coyotes/
Winnipeg Jets (1979-
2010)
Dale Hawerchuk
60.9%
Florida Panthers (1993-
2010)
Olli Jokinen
60.5%
Boston Bruins (1924-
2010)
John Bucyk
58.6%
Buffalo Sabres (1970-
2010)
Gilbert Perreault
57.7%
Nashville Predators (1998-
2010)
David Legwand
57.3%
New York Rangers (1926-
2010)
Rod Gilbert
47.3%
New Jersey Devils/
Colorado Rockies/
KC Scouts (1974-
2010)
John MacLean
40%
Philadelphia Flyers (1967-
2010)
Bill Barber
40%
Quiz Playlist
Details
Report
Send in Message
Add To Playlist
More Info:
Entering the 2010/11 Season
Classic:
Type in answers that appear in a list
Quiz Source
Last Updated: Feb 16, 2017
Quiz Scoreboard
CHALLENGE
Sign Up to Join the Scoreboard
Show All
Scores
Hide
Comments
May contain spoilers
Recently Published
Image Sorting: Flags VI
by Barbecue
Geography
2m
Find the 'City' Movie
by crazypaving
Movies
60s
Colored Red Africa Blitz
by spor1
Geography
45s
More to Explore
Quiz From the Vault
Featured Blog Post
14 Easter Pick-up Lines to Find Eggs With
hide this ad
You Might Also Like...
Tags
NHL Quiz
Career
goal
Goals Leaders
Player
team
Today's Top Quizzes in Sports
Browse Sports
hide this ad
Today's Top Quizzes in NHL
Browse NHL
Top Contributed Quizzes in Sports
1
Les meilleurs buteurs des matchs entre le PSG et l’OM
2
Les entraîneurs de l'OM et du PSG au 21e siècle
3
Les joueurs passés par le PSG et l'OM
4
2022 World Cup Stars
5
Players with Multiple 50 Home Run Seasons
6
Criteria MLB: Left Handed Sluggers
7
Les joueurs passés par le LOSC et le RC Lens
8
NBA Logic Puzzle 2.0
9
MLB Players with Two .350 Batting Average Seasons
10
FIFA Club World Cup Champions
Explore More
Trending Topics
Marvel
Kpop
Crossword
Harry Potter
Disney
NBA
Anime
Soccer
Country
Puzzle
The Office
Song
WWE
NFL
Pokémon
hide this ad
More By:
jpt0320
Quiz
Plays
Rating
Category
Featured
Created
Figure Out The Lyrics (INXS)
781
4.73
Music
Oct 11, 2010
Buffalo Bills 1,000 Yard Rushing Seasons (through 2014)
605
4.40
Sports
Dec 8, 2015
Famous Buffalonians
495
4.00
Entertainment
Sep 25, 2009
Last 5 NHL Goal Leaders
406
5.00
Sports
Sep 16, 2010
NHL Career Goal Leaders by Team
220
4.00
Sports
Sep 16, 2010
Go to Creator's Profile
Score Distribution
Quiz Creator Spotlight
jpt0320
Follow
Send a Message
Quizzes Created
-
Created Quiz Play Count
-
More By This Creator
Popular Quizzes Today
1
Colored Red Africa Blitz
2
Find the US States - No Outlines Minefield
3
Find the 'City' Movie
4
5x2 Blitz: Bands
5
The Countries of the World
6
Find the US States
7
Find the Countries of Europe - No Outlines Minefield
8
US States
More Sports Quizzes
Theo Walcott's Hat-trick XI's
Quiz Lab
Trending Quizzes
Colored Red Europe Blitz I
Colored Red Europe Blitz II
Colored Red Africa Blitz II
Colored Red Europe Blitz III
Colored Red Africa Blitz III
Recently Updated
How Do You Spell That?
pecheneg
Godzilla Movies
pecheneg
Grab Bag: 4-10 Letters
pecheneg
2024 March Madness Bracket
pecheneg
Famous TV Couples
Peacemaker
Champions League XIs: Real Madrid
pecheneg
Largest US Cities 1790-2010
pecheneg
Rides in Walt Disney World
pecheneg
Most Oscar Losses (Acting)
pecheneg
Beyoncé Albums
pecheneg
Trending Topics
Harry Potter
NBA
Kpop
Anime
Disney
Marvel
Crossword
Pokémon
Song
Puzzle
Country
Soccer
NFL
WWE
The Office
Your Account Isn't Verified!
In order to create a playlist on Sporcle, you need to verify the email address you used during registration. Go to your
Sporcle Settings
to finish the process.
Report this User
Report this user for behavior that violates our
Community Guidelines
.
Details:
Send Report
Go to the Sporcle.com Mobile Site →
Comments